00531nam a22001817a 4500008004100000020001500041050002300056245008200079250001200161260003800173300001400211650002600225650001500251700001800266700001800284700002400302700002300326220217b |||||||| |||| 00| 0 eng d a1473725454 aHF5635b.I58 2017  aInternational Financial Reporting and AnalysiscAlexander, David [et... al.]. a7th ed. aAustraliabCengage Learningc2017 axv, 834p. aFinancial statements  aAccounting aBritton, Anne aJorissen, Ann aHoogendoorn, Martin aMourik, Carien Van